Afganistan, neočakávaný, ale nevyhnutný dôsledok historickej neadekvátnosti neoliberálnej globalizácie na spôsob Západu vedeného USA
Vývoj vojny v Afganistane, najmä v kontexte stiahnutia síl a odchodu vojsk USA a ostatných krajín NATO ukončením misie v Afganistane k 31. 8. 2021 za administratívy prezidenta USA Joea Bidena. Náčrt období vývoja vojny v Afganistane: vývoj vojny v rokoch 2001 – 2005, 2006 – 2008, 2009 – 2014 a 2015...
Salvato in:
| Autore principale: | |
|---|---|
| Natura: | Capitolo di libro |
| Lingua: | slovacco |
| Soggetti: | |
| Tags: |
Nessun Tag, puoi essere il primo ad aggiungerne!!
|
MARC
| LEADER | 00000naa a2200000 4500 | ||
|---|---|---|---|
| 001 | 0279165 | ||
| 005 | 20240502074332.6 | ||
| 041 | 0 | |a slo | |
| 044 | |a SK | ||
| 245 | 1 | 0 | |a Afganistan, neočakávaný, ale nevyhnutný dôsledok historickej neadekvátnosti neoliberálnej globalizácie na spôsob Západu vedeného USA |c František Škvrnda |
| 520 | |a Vývoj vojny v Afganistane, najmä v kontexte stiahnutia síl a odchodu vojsk USA a ostatných krajín NATO ukončením misie v Afganistane k 31. 8. 2021 za administratívy prezidenta USA Joea Bidena. Náčrt období vývoja vojny v Afganistane: vývoj vojny v rokoch 2001 – 2005, 2006 – 2008, 2009 – 2014 a 2015 – 2021, aj v kontexte administratív prezidentstiev Georgea W. Busha, Baracka Obamu, Donalda Trumpa a Joea Bidena. Bezpečnostné vzťahy s Talibanom a neskôr aj s Islamským štátom. Prehľad počtov obetí v afganskej vojne. | ||
| 610 | 2 | 0 | |a Afganistan |
| 610 | 2 | 0 | |a NATO |
| 610 | 2 | 0 | |a USA |
| 610 | 2 | 0 | |a vojny |
| 610 | 2 | 0 | |a vývoj politický |
| 610 | 2 | 0 | |a sily ozbrojené |
| 610 | 2 | 0 | |a vojaci |
| 610 | 2 | 0 | |a islam |
| 100 | 1 | |a Škvrnda, František | |